| 000 | 00000nam##2200000za#4500 |
| 001 | 9.524126 |
| 003 | CaOODSP |
| 005 | 20250319164510 |
| 007 | ta |
| 008 | 150406|1994||||xxc||||| f|0| 0 eng|d |
| 040 | |aCaOODSP|beng |
| 041 | |aeng |
| 041 | |afre |
| 043 | |an-cn--- |
| 086 | 1 |aH71-2/4-33-1994 |
| 110 | 2 |aNational Advisory Council on Aging (Canada) |
| 245 | 12|aA quick portrait of Canadian health and seniors |
| 260 | |aOttawa - Ontario : |bHealth Canada. |c1994. |
| 300 | |a14 leaves. : |breferences ; |c28 cm. |
| 490 | 1 |aAging vignettes |vNos. 21-33 |
| 500 | |aContents: Note to readers.--How is the health care system financed?--How much does health care cost in Canada?--How are health care dollars spent?--How have health care expenditures changed in recent years?--How much do seniors cost the Canadian health care system?--How does population aging affect health care costs?--How costly are drugs?--How many drugs do seniors use?--Are drugs used appropriately?--Are drug costs being controlled?--How many and what kind of hospitals are there?--How have hospital budgets fared in recent years?--Are seniors heavier users for hospital care?--What is seniors' use of health care institutions other than hospitals?--Who pays for and who uses home care?--Are health services less costly if delivered at home than in an institution?--Is there a doctor in the house?--How often do people use doctor's services?--How are physician-related costs being controlled?--How can you be healthier, happier... and cheaper to care for? |
| 546 | |aBilingual |
| 590 | |a94-21|b1994-05-27 |
| 690 | 07|aAging|2gcpds |
| 690 | 07|aSeniors|2gcpds |
| 776 | 0#|tA quick portrait of Canadian health and seniors |w(CaOODSP)9.572798 |
| 776 | 0#|tUn bref portrait de la santé et des aîné-e-s au Canada |w(CaOODSP)9.603064 |
| 792 | |tUn bref portrait de la santé et des aîné-e-s au Canada |efre|w(CaOODSP)9.524127 |
| 830 | #0|aAging vignettes ;|vNos. 21-33|w(CaOODSP)9.509416 |